Effective teaching /
What is effective teaching? Improving personal competence. Understanding how children learn. Classroom organisation and management. Instructional design. Whole-school issues.
Saved in:
| Main Author: | |
|---|---|
| Other Authors: | |
| Format: | Book |
| Language: | English |
| Published: |
London ; New York :
Routledge,
1994.
|
| Subjects: | |
| Tags: |
Add Tag
No Tags, Be the first to tag this record!
|
| Institutions: | Mạng thư viện Đại học Đà Nẵng |
|---|
| LEADER | 01105cam a2200361 i 4500 | ||
|---|---|---|---|
| 001 | 000048026 | ||
| 003 | 7724 | ||
| 005 | 20030313085928.0 | ||
| 008 | 010326|1994 vm 000 eng | ||
| 020 | |a 0415109167 | ||
| 040 | |a IRC |c IRC |d IRC | ||
| 041 | 0 | |a eng | |
| 082 | 1 | 4 | |a 372.1102 |b DU-R |
| 100 | 1 | |a Dunne, Richard. | |
| 245 | 0 | 0 | |a Effective teaching / |c Richard Dunne and Ted Wragg. |
| 260 | |a London ; New York : |b Routledge, |c 1994. | ||
| 300 | |a x, 43 p. : |b ill. ; |c 27.5cm. | ||
| 520 | 3 | |a What is effective teaching? Improving personal competence. Understanding how children learn. Classroom organisation and management. Instructional design. Whole-school issues. | |
| 630 | 0 | 4 | |a Education. |
| 630 | 0 | 4 | |a Primary school teaching. |
| 650 | 0 | 4 | |a Primary school teaching. |
| 650 | 0 | 4 | |a Primary school teaching |z Great Britain. |
| 700 | 1 | |a Wragg, Ted. | |
| OWN | |a DUT | ||
| 999 | |a From the UDN01 | ||
| TYP | |a Monograph | ||
| TYP | |a Printed language | ||
| 980 | |a Mạng thư viện Đại học Đà Nẵng | ||


